| 000 | 01997nam0a2200325 4500 | ||
|---|---|---|---|
| 001 | RU\NLR\bibl\1722681 | ||
| 005 | 20250616072748.0 | ||
| 010 |
_a978-5-9669-0761-7 _950 |
||
| 021 |
_aRU _b2010-97881 _96603 |
||
| 035 | _a(NLR Aleph) 001713664 | ||
| 090 |
_a1295879 _c1295879 |
||
| 100 | _a20110114d2010 |||y0rusy50 ca | ||
| 101 | 0 | _arus | |
| 102 | _aRU | ||
| 105 | _aa ||||||||| | ||
| 200 | 1 |
_aРасчет и построение VoIP-сети организации сектора SMB на основе протокола SIP _eучебное пособие _e[для студентов направления подготовки 210400 "Телекоммуникации" и студентов инженерной специальности 210406 "Сети связи и системы коммутации"] _fП.В. Ромасевич _gМ-во образования и науки Рос. Федерации, Гос. образоват. учреждение высш. проф. образования "Волгогр. гос. ун-т", Каф. телекоммуник. систем |
|
| 210 |
_aВолгоград _cИзд-во Волгоградского государственного университета _d2010 |
||
| 215 |
_a71, [2] с. _cил. _d21 |
||
| 320 | _aБиблиогр. в конце кн. (12 назв.) | ||
| 606 | 1 |
_aКомпьютерная телефония _jУчебные издания для высших учебных заведений _xДоступ _xSIP, протоколы _92593186 _3RU\NLR\auth\661532350 |
|
| 606 | 1 |
_aIP-телефония _jУчебные издания для высших учебных заведений _92242694 _3RU\NLR\auth\661345642 |
|
| 686 | _aЗ882.9я73-1 | ||
| 700 | 1 |
_aРомасевич _bП. В. _gПавел Владимирович _4070 |
|
| 801 | 0 |
_aRU _bNLR _c20110114 _gRCR |
|
| 801 | 1 |
_aRU _bNLR _c20110114 |
|
| 830 | _aавт. по кн. | ||
| 942 | _cBOOK | ||
| 980 | _aNB | ||
| 980 | _aNBR | ||